000 00832nam a22002897a 4500
003 CHAP
005 20220329134559.0
008 971013s1979 r 00010 d
010 _a22474
011 _a23446
035 _a27542
040 _cCHAP
082 _a517.5
_bA8
100 0 0 _aAubin, Jean Pierre.
_98295
245 _aApplied functional analysis
260 _aNew York :
_bWiley,
_c1979
300 _a423 p
490 _aPure and applied mathematics
590 _aBATCH-UPD
_b10
_c20130110
_lUCH01
_h2037
590 _aBATCH-UPD
_b10
_c20130410
_lUCH01
_h1352
590 _aCONVERSION
_b10
_c20130109
_lUCH01
_h1313
650 1 4 _aAnalisis funcional.
_95987
830 0 _aPure and applied mathematics
_993043
901 _aBK
942 _cLIBRO
949 _a517.5 A8
_bBC
_cLIBRO
_d33724000135505
_eLIBRO
_h51032
_i27542
_si
999 _c22474
_d22474